??? - Statistics

General Stats
  • This quiz has been taken 2 times
  • The average score is 25 of 134
Answer Stats
Answer % Correct
Walter White
100%
Walter Whitman
100%
Wendy Williams
100%
William Wallace
100%
William White
100%
William Williams
100%
Willy Wonka
100%
Woodrow Wilson
100%
Wally Wood
50%
Walter Williams
50%
Walter Winchell
50%
Walton Walker
50%
Warner Wolf
50%
Wayne Wang
50%
Wayne White
50%
Wayne Wonder
50%
Wendy Whoppers
50%
Wesley Warren
50%
Wes Welker
50%
William Ward
50%
William Warham
50%
William Webster
50%
William Weld
50%
William Wellman
50%
William Wesley
50%
William Wilberforce
50%
William Wilson
50%
William Wordsworth
50%
William Wright
50%
William Wyler
50%
Willie Weeks
50%
Willie Williams
50%
Will Wheaton
50%
Wim Wenders
50%
Wojciech Wojda
50%
Waddy Wachtel
0%
Wade Williams
0%
Waldbridge Wribwrab
0%
Wallace Wattles
0%
Wallace White
0%
Wallace Willis
0%
Wallace Wolodarsky
0%
Wally Westlake
0%
Wally Wheaton
0%
Wally Wingert
0%
Walter Wanderley
0%
Walter Warlimont
0%
Walter Warzecha
0%
Walter Wash
0%
Walter Weeg (?)
0%
Walter Weiss
0%
Walther Wenck
0%
Walther Wever
0%
Walt Weiss
0%
Wanda Wasilewska
0%
Wanita Woodgette
0%
Warren Washington
0%
Warren Weaver
0%
Warren Weir
0%
Warren Wiersbe
0%
Warren Williams
0%
Wei Wang
0%
Wei Wei
0%
Welker White
0%
Wendelin Werner
0%
Wendelin Wiedeking
0%
Wendy Wagner
0%
Wendy Walsh
0%
Wendy Wasserstein
0%
Wendy Wilson
0%
Wendy Wright
0%
Weng Weng
0%
Wesley Walt
0%
Wesley Woodward
0%
Wieland Wagner
0%
Wiley Wiggens
0%
Wilford Woodruff
0%
Wilfred Wooten
0%
Wilhelm Wackenroder
0%
Wilhelm Wagenfield
0%
Wilhelm Weber
0%
Wilhelm Wegner
0%
Wilhelm Weitling
0%
Wilhelm Wendelband
0%
Wilhelm Wien
0%
Wilhelm Worringer
0%
Wilhelm Wundt
0%
Willard Wigan
0%
Willem Wilmink
0%
William Walsh
0%
William Walton
0%
William Wampler
0%
William Wams
0%
William Watson
0%
William Watt
0%
William Weatherford
0%
William Webb
0%
William Wegman
0%
William Weldon
0%
William Westmoreland
0%
William Westwood
0%
William Whewell
0%
William Whipple
0%
William Whiston
0%
William Whitelaw
0%
William Whitmore
0%
William Whyte
0%
William Windom
0%
William Wirt
0%
William Wollaston
0%
William Woodridge
0%
William Wrigley
0%
Willie Warren
0%
Willie Worsley
0%
Willi Weber
0%
Will Weatherford
0%
Wincenty Witos
0%
Wojciech Weiss
0%
Wojciech Wilk
0%
Wojtek Wolski
0%
Wolfgang Wagner
0%
Wolfgang Windgassen
0%
Wolfgang Wolf
0%
Wolfram Wuttke
0%
Wouter Weylandt
0%
W Walden
0%
W Walker
0%
W Wilson
0%
Wyatt Walker
0%
No matching quizzes found
Score Distribution
Percent of People with Each Score
Percentile by Number Answered
Your Score History
You have not taken this quiz